000 00628nam a22001817a 4500
003 CEME
005 20210628210642.0
008 210105b xxu||||| |||| 00| 0 eng d
020 _a9780470387641
040 _c.
082 _a681.2 HAN
100 _aKarmakar, Nemai Chandra
_980348
245 _aHandbook of smart antennas for rfid systems
260 _aSINGAPORE
_bJOHN WILEY & SONS
_c2010
300 _aXXIII, 620P
650 _aSMART ANTENNAS.PHASE ARAY ANTENNA-DESIGN AND CONSTRUCTION.ADAPTIVE ANTENNAS-DESIGN AND CONSTRUCTION.RADIO FREQUENCY IDENTIFICATION SYSTEMS-DESIGN AND CONSTRUCTION..
_980349
942 _cBK
_2ddc
999 _c585300
_d585300